| 000 | 00621nam a2200217 i 4500 | ||
|---|---|---|---|
| 001 | 134925 | ||
| 003 | ES-MaACL | ||
| 005 | 20250805062609.0 | ||
| 007 | t| | ||
| 008 | 070703s1955 sp ||||1| spa d | ||
| 080 | _a301(041) | ||
| 100 | 1 |
_aTierno Galván, Enrique, _d1918-1986 _9110235 |
|
| 245 | 1 | 0 |
_aSociología y situación / _cEnrique Tierno Galván. |
| 260 |
_a[Murcia : _bAula], _c1955. |
||
| 300 |
_a118 p. ; _c18 cm. |
||
| 490 | 1 |
_aAula de ideas ; _v7 |
|
| 650 | 7 |
_aSociología _2embne _917195 |
|
| 830 | 1 |
_aAula de ideas ; _v7 _9183365 |
|
| 852 | 4 |
_aES-MaACL _jC-9333 |
|
| 999 |
_c134925 _d134925 |
||